<?xml version="1.0" encoding="UTF-8"?><?xml-stylesheet type="text/xsl" href="static/style.xsl"?><OAI-PMH xmlns="http://www.openarchives.org/OAI/2.0/" xmlns:xsi="http://www.w3.org/2001/XMLSchema-instance" xsi:schemaLocation="http://www.openarchives.org/OAI/2.0/ http://www.openarchives.org/OAI/2.0/OAI-PMH.xsd"><responseDate>2026-04-17T06:30:27Z</responseDate><request verb="GetRecord" identifier="oai:www.recercat.cat:10459.1/70453" metadataPrefix="marc">https://recercat.cat/oai/request</request><GetRecord><record><header><identifier>oai:recercat.cat:10459.1/70453</identifier><datestamp>2024-12-05T21:29:27Z</datestamp><setSpec>com_2072_3622</setSpec><setSpec>col_2072_479130</setSpec></header><metadata><record xmlns="http://www.loc.gov/MARC21/slim" xmlns:dcterms="http://purl.org/dc/terms/" xmlns:xsi="http://www.w3.org/2001/XMLSchema-instance" xmlns:doc="http://www.lyncode.com/xoai" xsi:schemaLocation="http://www.loc.gov/MARC21/slim http://www.loc.gov/standards/marcxml/schema/MARC21slim.xsd">
   <leader>00925njm 22002777a 4500</leader>
   <datafield ind2=" " ind1=" " tag="042">
      <subfield code="a">dc</subfield>
   </datafield>
   <datafield ind2=" " ind1=" " tag="720">
      <subfield code="a">Universitat de Lleida. Serveis Cientificotècnics. Cartografia i Sistemes d'Informació Geogràfica</subfield>
      <subfield code="e">author</subfield>
   </datafield>
   <datafield ind2=" " ind1=" " tag="260">
      <subfield code="c">2021-02-06T18:06:49Z</subfield>
   </datafield>
   <datafield ind2=" " ind1=" " tag="260">
      <subfield code="c">2021-02-06T18:06:49Z</subfield>
   </datafield>
   <datafield ind2=" " ind1=" " tag="260">
      <subfield code="c">2020-06</subfield>
   </datafield>
   <datafield ind2=" " ind1=" " tag="520">
      <subfield code="a">Color</subfield>
   </datafield>
   <datafield ind2=" " ind1=" " tag="520">
      <subfield code="a">Dades dels positius detectats els darrers 14 dies que provenen del registre RSAcovid19 del Departament de Salut i mostren dades d'aquells que han donat positiu en alguna prova diagnòstica (PCR o test ràpid). S'hi aprecia una evident evolució positiva de bona part del territori respecte a la setmana anterior.&#xd;
Atès que la divisió anunciada de la regió sanitària de Barcelona en tres suposades regions ni s'ha aplicat fins ara, ni té base legal en l'ordenació sanitària actual, ni ajuda a entendre la situació de les fases de desconfinament ara per ara, no la indiquem en aquest mapa. S'incorpora en canvi el sector de salut Alt Penedès-Garra, integrada per les dues àrees de gestió assistencial (AGA) que en formen el nom compost i un total d'11 àrees bàsiques de salut (ABS).&#xd;
Podeu trobar el llistat d'AGA a: https://catsalut.gencat.cat/ca/proveidors-professionals/registres-catalegs/catalegs/territorials-unitats-proveidores</subfield>
   </datafield>
   <datafield ind1="8" ind2=" " tag="024">
      <subfield code="a">http://hdl.handle.net/10459.1/70453</subfield>
   </datafield>
   <datafield tag="653" ind2=" " ind1=" ">
      <subfield code="a">Mapes</subfield>
   </datafield>
   <datafield tag="653" ind2=" " ind1=" ">
      <subfield code="a">Covid-19</subfield>
   </datafield>
   <datafield tag="653" ind2=" " ind1=" ">
      <subfield code="a">Positius</subfield>
   </datafield>
   <datafield tag="653" ind2=" " ind1=" ">
      <subfield code="a">Desescalada</subfield>
   </datafield>
   <datafield tag="653" ind2=" " ind1=" ">
      <subfield code="a">COVID-19 (Malaltia) -- Catalunya</subfield>
   </datafield>
   <datafield tag="653" ind2=" " ind1=" ">
      <subfield code="a">Desconfinament -- Catalunya</subfield>
   </datafield>
   <datafield tag="653" ind2=" " ind1=" ">
      <subfield code="a">Infeccions per coronavirus -- Catalunya</subfield>
   </datafield>
   <datafield tag="653" ind2=" " ind1=" ">
      <subfield code="a">Epidèmies -- Catalunya</subfield>
   </datafield>
   <datafield ind2="0" ind1="0" tag="245">
      <subfield code="a">Nombre de positius en Covid-19 els darrers 14 dies per àrea bàsica de salut (del 30 d'abril al 13 de maig de 2020) i àmbits de gestió de la desescalada del Covid-19</subfield>
   </datafield>
</record></metadata></record></GetRecord></OAI-PMH>